<?xml version="1.0" encoding="UTF-8"?><?xml-stylesheet type="text/xsl" href="static/style.xsl"?><OAI-PMH xmlns="http://www.openarchives.org/OAI/2.0/" xmlns:xsi="http://www.w3.org/2001/XMLSchema-instance" xsi:schemaLocation="http://www.openarchives.org/OAI/2.0/ http://www.openarchives.org/OAI/2.0/OAI-PMH.xsd"><responseDate>2026-04-14T05:08:45Z</responseDate><request verb="GetRecord" identifier="oai:www.recercat.cat:2072/391357" metadataPrefix="marc">https://recercat.cat/oai/request</request><GetRecord><record><header><identifier>oai:recercat.cat:2072/391357</identifier><datestamp>2026-04-10T21:19:15Z</datestamp><setSpec>com_2072_98</setSpec><setSpec>col_2072_378192</setSpec></header><metadata><record xmlns="http://www.loc.gov/MARC21/slim" xmlns:dcterms="http://purl.org/dc/terms/" xmlns:xsi="http://www.w3.org/2001/XMLSchema-instance" xmlns:doc="http://www.lyncode.com/xoai" xsi:schemaLocation="http://www.loc.gov/MARC21/slim http://www.loc.gov/standards/marcxml/schema/MARC21slim.xsd">
   <leader>00925njm 22002777a 4500</leader>
   <datafield ind2=" " ind1=" " tag="042">
      <subfield code="a">dc</subfield>
   </datafield>
   <datafield ind2=" " ind1=" " tag="720">
      <subfield code="a">Miguel Quesada, Francesc Josep</subfield>
      <subfield code="e">author</subfield>
   </datafield>
   <datafield ind2=" " ind1=" " tag="720">
      <subfield code="a">Universitat Autònoma de Barcelona. SGR-Grup de Recerca de Sociologia Analítica y Diseño Institucional</subfield>
      <subfield code="e">author</subfield>
   </datafield>
   <datafield ind2=" " ind1=" " tag="260">
      <subfield code="c">2010</subfield>
   </datafield>
   <datafield ind2=" " ind1=" " tag="520">
      <subfield code="a">El uso combinado de técnicas y aplicaciones informáticas específicas para labores cualitativas y cuantitativas no supone contradicción en la práctica investigadora, sino que puede incrementar la productividad del análisis. Se presenta un caso, como muestra de integración de procedimientos mediante el uso de ATLAS/ti y SPSS, para la creación de mapas conceptuales a partir de entrevistas retrospectivas focalizadas. El objetivo final es la representación gráfica, en un espacio de baja dimensionalidad, de la estructura conceptual «compartida» por un grupo de personas. Como conclusión, se identifican los procedimientos analíticos y las herramientas informáticas más adecuados para esta integración y se discuten brevemente las condiciones para el empleo generalizado de la metodología presentada.</subfield>
   </datafield>
   <datafield ind2=" " ind1=" " tag="520">
      <subfield code="a">The combined use of specific techniques and computer applications originally designed for qualitative or quantitative tasks does not imply contradiction in research practices, on the contrary, it can increase the analysis productivity. A case is presented in this paper as an example of integration by means of the use of ATLAS/ti and SPSS for the generation of a kind of «conceptual maps» from focused retrospective interviews. The aim is to represent graphically, in a low dimensionality space, the conceptual structure «shared» by a group of people. As a conclusion, the analytical procedures and software tools that seems more suited for this integration are identified, and some conditions for a widespread use of the methodology are briefly discussed.</subfield>
   </datafield>
   <datafield tag="653" ind2=" " ind1=" ">
      <subfield code="a">Atlas/ti</subfield>
   </datafield>
   <datafield tag="653" ind2=" " ind1=" ">
      <subfield code="a">SPSS</subfield>
   </datafield>
   <datafield tag="653" ind2=" " ind1=" ">
      <subfield code="a">Mapas conceptuales</subfield>
   </datafield>
   <datafield tag="653" ind2=" " ind1=" ">
      <subfield code="a">Integración de métodos de análisis</subfield>
   </datafield>
   <datafield tag="653" ind2=" " ind1=" ">
      <subfield code="a">Consumo</subfield>
   </datafield>
   <datafield tag="653" ind2=" " ind1=" ">
      <subfield code="a">Ordenadores personales</subfield>
   </datafield>
   <datafield tag="653" ind2=" " ind1=" ">
      <subfield code="a">Conceptual maps</subfield>
   </datafield>
   <datafield tag="653" ind2=" " ind1=" ">
      <subfield code="a">Integration of methodologies</subfield>
   </datafield>
   <datafield tag="653" ind2=" " ind1=" ">
      <subfield code="a">Consumption</subfield>
   </datafield>
   <datafield tag="653" ind2=" " ind1=" ">
      <subfield code="a">Personal computers</subfield>
   </datafield>
   <datafield ind2="0" ind1="0" tag="245">
      <subfield code="a">Mapas conceptuales a partir de entrevistas cualitativas. Integración de métodos mediante el uso conjunto de ATLAS/ti y SPSS</subfield>
   </datafield>
</record></metadata></record></GetRecord></OAI-PMH>